[Event "Deltalift Open 2013"]
[Site "Halmstad SWE"]
[Date "2013.05.11"]
[Round "7"]
[White "Olofsson-Dolk,Mattis"]
[Black "Carlsson,P"]
[Result "0-1"]
[WhiteElo "2088"]
[BlackElo "2524"]

1.e4 c5 2.Nf3 d6 3.d4 Nf6 4.Nc3 cxd4 5.Nxd4 a6 6.Be3 g6 7.f3 b5 8.Qd2 Bb7
9.O-O-O Nbd7 10.g4 h6 11.Kb1 b4 12.Nce2 e5 13.Nb3 d5 14.exd5 Nxd5 15.Ng3 Qc7
16.Bd3 a5 17.Be4 N7f6 18.Qe2 O-O-O 19.g5 Nxe4 20.Nxe4 a4 21.Nbc5 Bxc5 22.Nxc5 a3
23.Na4 Kb8 24.Bc1 hxg5 25.Bxg5 f6 26.Bc1 axb2 27.Bxb2 Qc6 28.Bxe5+ fxe5 29.Qxe5+ Ka7
30.Qd4+ Ka8  0-1

[Event "HC Andersen Open 2013"]
[Site "Odense DEN"]
[Date "2013.05.12"]
[Round "9.5"]
[White "Bae,T"]
[Black "Carstensen,J"]
[Result "1-0"]
[WhiteElo "2442"]
[BlackElo "2381"]

1.e4 c5 2.Nf3 d6 3.d4 Nf6 4.Nc3 cxd4 5.Nxd4 a6 6.Be3 e5 7.Nf3 Be7 8.Bc4 O-O
9.O-O Nc6 10.Qe2 b5 11.Bb3 Bb7 12.Rfd1 Na5 13.Bg5 Nxb3 14.axb3 Ne8 15.Bxe7 Qxe7
16.Nd5 Bxd5 17.exd5 Nf6 18.c4 Qb7 19.Ra5 bxc4 20.bxc4 Nd7 21.Qc2 h6 22.Rb1 Rfc8
23.b4 Nb6 24.Nd2 Rc7 25.Qb3 Nd7 26.Qa2 Rcc8 27.c5 Nf6 28.c6 Qb6 29.Nc4 Qd4
30.Nxd6 Rd8 31.Nf5 Qd3 32.Ne3 Rac8 33.Rd1 Qe4 34.Qb1 Qf4 35.g3 Qf3 36.Qf5 Qe2
37.Rc5 Qb2 38.Rc4 Ne8 39.d6 g6 40.Qh3  1-0

[Event "2nd Oscar Panno GM"]
[Site "Moron ARG"]
[Date "2013.05.14"]
[Round "3"]
[White "Molina,Rob"]
[Black "Ricardi,P"]
[Result "1-0"]
[WhiteElo "2399"]
[BlackElo "2481"]

1.e4 c5 2.Nf3 d6 3.d4 cxd4 4.Nxd4 Nf6 5.Nc3 a6 6.Be3 e5 7.Nb3 Be7 8.h3 Be6
9.Qf3 Nbd7 10.g4 h6 11.O-O-O Rc8 12.Nd5 Bxd5 13.exd5 Qc7 14.c3 Nb6 15.h4 Nc4
16.Bd3 a5 17.g5 a4 18.Bxc4 Qxc4 19.gxf6 Bxf6 20.Nd2 Qxa2 21.Qf5 Ke7 22.Qb1 Qxd5
23.Ne4 Qb3 24.Nxd6 Rc6 25.Qc2 Qa2 26.Nf5+ Kf8 27.Qd3 Kg8 28.Rhg1 Qe6 29.Bxh6 g6
30.h5 e4 31.Qd5 Qxd5 32.Rxd5 a3 33.Kb1 axb2 34.Bd2 Ra6 35.Kxb2 Rxh5 36.Ne7+ Kf8
37.Rxh5 gxh5 38.Nd5 Bg7 39.Be3 f5 40.Rg5 Kf7 41.Rxf5+ Ke6 42.Rxh5 Be5 43.Bd4 Bd6
44.Ne3 Ra8 45.Rh4  1-0

[Event "VIII American Continental 2013"]
[Site "Cochabamba BOL"]
[Date "2013.05.15"]
[Round "11.7"]
[White "Martinez Alcantara,Jose Eduardo"]
[Black "Zambrana,O"]
[Result "0-1"]
[WhiteElo "2208"]
[BlackElo "2478"]

1.e4 c5 2.Nf3 d6 3.d4 cxd4 4.Nxd4 Nf6 5.Nc3 a6 6.Be3 e6 7.f3 Be7 8.Qd2 O-O
9.O-O-O b5 10.g4 Qc7 11.Kb1 Bb7 12.h4 b4 13.Nce2 Nfd7 14.g5 d5 15.exd5 Bxd5
16.Nf4 Nb6 17.Bd3 N8d7 18.h5 Ne5 19.g6 Nec4 20.Bxc4 Nxc4 21.Qe2 Bf6 22.Nxd5 exd5
23.Qd3 Nxe3 24.gxh7+ Kh8 25.Qxe3 Rfe8 26.Qd3 Rac8 27.Qf5 Qe5 28.h6 g6 29.Qxe5 Rxe5
30.f4 Re4 31.Nf3 Rxf4 32.Ne1 a5 33.Rxd5 Rd4 34.Rxd4 Bxd4 35.Nf3 Bf6 36.Nd2 Re8
37.Nc4 Bd8 38.Nd6 Re7 39.Rf1 f6 40.c4 bxc3 41.bxc3 Kxh7 42.Kc2 Rd7 43.Ne8 f5
44.Ng7 Rf7 45.Ne6 Be7 46.Rg1 Bh4 47.c4 Rf6 48.Nf4 Kxh6 49.Nd5 Re6 50.Kd3 Bf2
51.Rg2 Bc5 52.Rh2+ Kg7 53.Rb2 Rc6 54.Rb5 a4 55.Nc3 a3 56.Na4 Be7 57.Rb7 Kf6
58.Nb6 Bd8 59.Nd5+ Ke5 60.Ra7 g5 61.Ra8 Rd6 62.Rxa3 g4 63.Rb3 f4 64.Rb1 Bh4
65.Rb8 Bd8 66.Rb1 Kf5 67.Rb5 g3 68.Ke2 Kg4 69.Nxf4 Kxf4 70.c5 Rd4 71.c6 Rc4
72.Rb8 g2 73.Kf2 Rc2+ 74.Kg1 Be7  0-1

[Event "Open Hradec Kralove 2013"]
[Site "Hradec Kralove CZE"]
[Date "2013.05.15"]
[Round "1"]
[White "Brhlik,A"]
[Black "Novotny,L"]
[Result "0-1"]
[WhiteElo "1684"]
[BlackElo "1956"]

1.e4 c5 2.Nf3 d6 3.d4 cxd4 4.Nxd4 Nf6 5.Nc3 a6 6.Be3 Ng4 7.Bg5 h6 8.Bh4 g5
9.Bg3 Bg7 10.Qd2 Nc6 11.Nf3 Be6 12.h4 Qb6 13.Na4 Qb4 14.Qxb4 Nxb4 15.Nb6 Rd8
16.O-O-O gxh4 17.Rxh4 Nxa2+ 18.Kb1 Nb4 19.Nd4 Ne5 20.Nxe6 fxe6 21.Be2 Nbc6
22.Bh5+ Nf7 23.c3 O-O 24.f3 Ng5 25.Bf4 Bf6 26.Bg4 Kg7 27.Rdh1 Rh8 28.Rh5 Ne5
29.Bxg5 Nxg4 30.Bxf6+ Nxf6 31.R5h4 h5 32.Kc2 Rh7 33.Kd3 Rg8 34.Ke3 Kh8 35.Kf2 Rg5
36.Nc4 Rb5 37.Rb1 Kg8 38.Na3 Ra5 39.Rd1 Rg7 40.Nc4 Rc5 41.Ne3 a5 42.Rd3 a4
43.Rh1 b5 44.Nc2 Rcg5 45.Rh2 Rf7 46.Re3 Ng4+  0-1

[Event "Somov Memorial 2013"]
[Site "Kirishi RUS"]
[Date "2013.05.15"]
[Round "8.5"]
[White "Karthikeyan,M2"]
[Black "Artemiev,V"]
[Result "0-1"]
[WhiteElo "2435"]
[BlackElo "2524"]

1.e4 c5 2.Nf3 d6 3.d4 cxd4 4.Nxd4 Nf6 5.Nc3 a6 6.Be3 e6 7.Be2 Be7 8.f4 Nc6
9.O-O O-O 10.Kh1 Bd7 11.Qe1 b5 12.Bd3 Nb4 13.e5 Nxd3 14.cxd3 Ng4 15.Bd2 b4
16.Nd1 a5 17.Qe2 Qb6 18.Nc2 Rac8 19.Nce3 Nh6 20.Nc4 Qa6 21.exd6 Bxd6 22.Nxd6 Qxd6
23.Ne3 Qa6 24.b3 Nf5 25.Nc4 Bc6 26.a3 Nd4 27.Qd1 Qb7 28.Rf2 Ra8 29.Be3 Nf5
30.Bc5 Rfc8 31.Nd6 Qe7 32.Ne4 Qd7 33.axb4 axb4 34.Rxa8 Bxa8 35.Qf1 Qb5 36.Kg1 Bxe4
37.dxe4 Qxc5 38.exf5 Qe3  0-1

[Event "BSG Pinkstertoernooi 2013"]
[Site "Bussum NED"]
[Date "2013.05.18"]
[Round "2.19"]
[White "Beerdsen,Thomas"]
[Black "Brantjes,Yme"]
[Result "0-1"]
[WhiteElo "2090"]
[BlackElo "1870"]

1.e4 c5 2.Nf3 d6 3.d4 cxd4 4.Nxd4 Nf6 5.Nc3 a6 6.Be3 Ng4 7.Bg5 h6 8.Bh4 g5
9.Bg3 Bg7 10.h3 Ne5 11.Nf5 Bxf5 12.exf5 Nbd7 13.Nd5 Nb6 14.f6 Nxd5 15.fxg7 Qa5+
16.c3 Rg8 17.Be2 e6 18.O-O Qb6 19.Qa4+ Ke7 20.Rfe1 Qxb2 21.Bh5 b5 22.Qe4 f5
23.Qd4 f4 24.Bh2 Qxc3 25.Qd1 Qd3 26.Qc1 Rac8 27.Qb2 Rc2 28.Qb1 Nc3 29.Qb3 Qd2
30.Rf1 Nc4 31.Rab1 Nxb1 32.Qxb1 Ne3 33.fxe3 Qxg2+  0-1

[Event "Portuguese Team Cup 2012-13"]
[Site "Vila Nova de Famalicao POR"]
[Date "2013.05.18"]
[Round "1.4"]
[White "Valente,J"]
[Black "Paramos Dominguez,R"]
[Result "0-1"]
[WhiteElo "1655"]
[BlackElo "2407"]

1.e4 c5 2.Nf3 d6 3.d4 cxd4 4.Nxd4 Nf6 5.Nc3 a6 6.Be3 e6 7.f3 b5 8.Qd2 Nbd7
9.g4 h6 10.O-O-O b4 11.Nce2 Qc7 12.Kb1 Bb7 13.Rg1 d5 14.exd5 Nxd5 15.Bf2 Rc8
16.f4 N7f6 17.Qd3 g5 18.fxg5 hxg5 19.Bg3 Nf4 20.Bxf4 gxf4 21.Bg2 Nd5 22.Bxd5 Bxd5
23.Qxa6 Bc5 24.Rge1 O-O 25.Qd3 Rfd8 26.Qh3 Bf8 27.Rc1 Bg7 28.Qf1 f3 29.Nxf3 Bxa2+
30.Kxa2 Qa5+ 31.Kb3 Qd5+ 32.c4 bxc3 33.Kc2 Qd3+ 34.Kb3  0-1

[Event "2nd Oscar Panno GM"]
[Site "Moron ARG"]
[Date "2013.05.20"]
[Round "7"]
[White "Obregon,A"]
[Black "Salinas Herrera,P"]
[Result "1-0"]
[WhiteElo "2478"]
[BlackElo "2396"]

1.e4 c5 2.Nf3 d6 3.d4 cxd4 4.Nxd4 Nf6 5.Nc3 a6 6.Be3 e6 7.g4 h6 8.h4 h5 9.gxh5 Nxh5
10.Be2 g6 11.Qd2 Nc6 12.O-O-O Be7 13.Nxc6 bxc6 14.Na4 Rb8 15.Ba7 Rb5 16.c4 Rb7
17.Bc5 d5 18.Bxe7 Qxe7 19.exd5 cxd5 20.cxd5 exd5 21.Nc3 Be6 22.Bxa6 Rc7 23.Bb5+ Kf8
24.Qd4 Nf6 25.Kb1 Rh5 26.Be2 Rf5 27.Bd3 Rh5 28.Rde1 Rb7 29.Nb5 Ne4 30.Ka1 Rxh4
31.f3 Rxh1 32.Rxh1 Nf6 33.Qe5 Kg7 34.Nd4 Bc8 35.Qxe7 Rxe7 36.Kb1 Nd7 37.Kc2 Ne5
38.b3 f5 39.a4 f4 40.Bb5 g5 41.a5 g4 42.fxg4 Nxg4 43.Bd3 Kf6 44.Rh8 Rc7+
45.Kd2 Ne5 46.Nb5 Rc5 47.b4 Nf3+ 48.Kd1 Kg7 49.Rh7+  1-0

[Event "22nd TCh-CRO Cup 2013"]
[Site "Bol na Bracu CRO"]
[Date "2013.05.22"]
[Round "1.41"]
[White "Sulc,Da"]
[Black "Lalic,B"]
[Result "0-1"]
[WhiteElo "2243"]
[BlackElo "2493"]

1.e4 c5 2.Nf3 d6 3.d4 cxd4 4.Nxd4 Nf6 5.Nc3 a6 6.Be3 e5 7.Nb3 Be7 8.f3 Be6
9.Qd2 O-O 10.O-O-O a5 11.Kb1 a4 12.Nc1 Ra5 13.Bb5 a3 14.b3 Qc7 15.Ba4 d5
16.Nb5 Qd8 17.exd5 Nxd5 18.Ne2 Nd7 19.c4 Nxe3 20.Qxe3 Qb6 21.Qxb6 Nxb6 22.Nec3 Nxa4
23.Nxa4 Bxc4 24.Nc7 Rd8 25.Nc3 Bd3+  0-1

[Event "22nd TCh-CRO Cup 2013"]
[Site "Bol na Bracu CRO"]
[Date "2013.05.22"]
[Round "1.121"]
[White "Bertusi,M"]
[Black "Djurovic,G"]
[Result "1/2-1/2"]
[WhiteElo "1982"]
[BlackElo "2400"]

1.e4 c5 2.Nf3 d6 3.d4 cxd4 4.Nxd4 Nf6 5.Nc3 a6 6.Be3 e5 7.Nb3 Be7 8.Be2 Be6
9.O-O Nbd7 10.Kh1 O-O 11.f4 b5 12.f5 Bc4 13.Bd3 Rc8 14.Qe2 Bxd3 15.cxd3 b4
16.Nd1 d5 17.Bg5 h6 18.Bh4 a5 19.Rc1 Rxc1 20.Nxc1 Qa8 21.Nf2 Rc8 22.Re1 a4
23.d4 Bd6 24.Bxf6 Nxf6 25.dxe5 Bxe5 26.Ncd3 Re8 27.Ng4 Bd4 28.e5 Ne4 29.Nxb4 h5
30.Nxd5 Qxd5 31.Qxe4 Qa5 32.Rb1 Qd2 33.Qc6 Rf8 34.Qxa4 Rc8 35.Rd1 Rc1 36.Qe8+ Kh7
37.Nf6+ gxf6 38.Qxf7+ Kh8 39.Qf8+ Kh7 40.Qf7+  1/2-1/2

[Event "2nd Oscar Panno GM"]
[Site "Moron ARG"]
[Date "2013.05.22"]
[Round "9"]
[White "Molina,Rob"]
[Black "Salinas Herrera,P"]
[Result "1-0"]
[WhiteElo "2399"]
[BlackElo "2396"]

1.e4 c5 2.Nf3 d6 3.d4 cxd4 4.Nxd4 Nf6 5.Nc3 a6 6.Be3 e6 7.f3 b5 8.a3 Bb7
9.Qd2 Nbd7 10.g4 h6 11.O-O-O Nb6 12.Nb3 Rc8 13.Kb1 Be7 14.h4 Nfd7 15.Bd4 e5
16.Be3 Ba8 17.Be2 Nc4 18.Bxc4 bxc4 19.Nc1 Qa5 20.N1a2 Nc5 21.g5 hxg5 22.hxg5 Rxh1
23.Rxh1 Ne6 24.Nb4 Kd7 25.Ncd5 Bxd5 26.exd5 Nc7 27.Qg2  1-0

[Event "Hungarian National Open 2013"]
[Site "Zalakaros HUN"]
[Date "2013.05.23"]
[Round "2"]
[White "Gledura,B"]
[Black "Havanecz,B"]
[Result "1-0"]
[WhiteElo "2421"]
[BlackElo "2121"]

1.e4 c5 2.Nf3 d6 3.d4 cxd4 4.Nxd4 Nf6 5.Nc3 a6 6.Be3 e5 7.Nb3 Be6 8.h3 Be7
9.Qf3 Nbd7 10.g4 O-O 11.O-O-O b5 12.g5 Ne8 13.h4 b4 14.Nd5 a5 15.Kb1 Nc7
16.Nc1 Rb8 17.Rg1 a4 18.Bc4 Nb5 19.Qe2 Bxd5 20.Rxd5 Nc7 21.Rdd1 Nb6 22.Bxb6 Rxb6
23.Nd3 Qc8 24.g6 Bf6 25.Qe3 Rb8 26.h5 Ne6 27.Bd5 h6 28.gxf7+ Kh8 29.Rg6 Ng5
30.f4 Nxf7 31.fxe5 Bg5 32.Qa7 b3 33.axb3 axb3 34.Bxb3 Rxb3 35.cxb3 Qg4 36.Nf2 Qxh5
37.Rdxd6 Bf4 38.Qe7 Rc8 39.Qxf7 Bxe5 40.Rxh6+  1-0

[Event "e2e4 Sunningdale Open"]
[Site "Ascot ENG"]
[Date "2013.05.25"]
[Round "2"]
[White "Amato,G"]
[Black "Kisteneva,L"]
[Result "0-1"]
[WhiteElo "1978"]
[BlackElo "2053"]

1.e4 c5 2.Nf3 d6 3.d4 cxd4 4.Nxd4 Nf6 5.Nc3 a6 6.Be3 e5 7.Nb3 Be6 8.f3 Nbd7
9.Qd2 b5 10.a4 b4 11.Nd5 Bxd5 12.exd5 Nb6 13.Bxb6 Qxb6 14.a5 Qb7 15.Bc4 Be7
16.Ra4 Rb8 17.Nc1 Bd8 18.Na2 Bxa5 19.Rxa5 Qc7 20.Rxa6 Qxc4 21.Qe2 Qxd5 22.Qd2 Qxd2+
23.Kxd2 Ke7 24.Nc1 Rhc8 25.Nb3 Rc7 26.Rc1 Rbc8 27.g3 Nd5 28.Ra5 Nb6 29.Ra2 f5
30.Kd3 Nc4 31.Na5 d5 32.Nxc4 Rxc4 33.Ra7+ R8c7 34.Rxc7+ Rxc7 35.Ra1 e4+ 36.fxe4 dxe4+
37.Kd2 g5 38.Ra6 f4 39.Rh6 e3+ 40.Kd1 Kf8 41.gxf4 gxf4 42.Rh3 Kg7 43.Rf3 Rc4
44.b3 Rd4+ 45.Ke1 Kf6 46.Rh3 Kg5 47.Rxh7 f3 48.Rf7 f2+ 49.Kf1 Rd1+ 50.Ke2 Re1+
51.Kd3 f1=Q+ 52.Rxf1 Rxf1 53.Kxe3 Rh1 54.Kd4 Rxh2 55.Kc4 Rh4+  0-1

[Event "e2e4 Sunningdale Open"]
[Site "Ascot ENG"]
[Date "2013.05.25"]
[Round "3"]
[White "Varnam,L"]
[Black "Bates,Ri"]
[Result "0-1"]
[WhiteElo "2118"]
[BlackElo "2376"]

1.e4 c5 2.Nf3 d6 3.d4 cxd4 4.Nxd4 Nf6 5.Nc3 a6 6.Be3 e5 7.Nb3 Be7 8.f3 Be6
9.Qd2 O-O 10.O-O-O Qc7 11.g4 Rc8 12.Kb1 d5 13.exd5 Nxd5 14.Nxd5 Bxd5 15.Qf2 Qc6
16.Bd3 a5 17.Nd2 Na6 18.Ne4 Nb4 19.a3 Ba2+ 20.Kc1 Nd5 21.Kd2 Bc4 22.Rc1 Bxd3
23.cxd3 Qb5 24.Rb1 Qb3 25.Rhc1 Rxc1 26.Rxc1 Qxb2+ 27.Rc2 Qxa3 28.Bc5 Bxc5
29.Qxc5 Qb4+ 30.Ke2 Nf4+  0-1

[Event "Gligoric Cup 2013"]
[Site "Banja Koviljaca SRB"]
[Date "2013.05.25"]
[Round "6.1"]
[White "Popovic,Du"]
[Black "Govedarica,R"]
[Result "1-0"]
[WhiteElo "2558"]
[BlackElo "2417"]

1.e4 c5 2.Nf3 d6 3.d4 cxd4 4.Nxd4 Nf6 5.Nc3 a6 6.Be3 e6 7.f3 h5 8.Qd2 Be7
9.O-O-O Nc6 10.g3 Bd7 11.h3 Nxd4 12.Bxd4 Bc6 13.Rg1 b5 14.g4 hxg4 15.hxg4 g5
16.Bd3 Rg8 17.Kb1 Nd7 18.Rh1 Qc7 19.Rh7 Nf8 20.Rh5 b4 21.Ne2 a5 22.Be3 f6
23.Nd4 Bd7 24.Bb5 Rb8 25.Qd3 Qb7 26.Ba6 Qc7 27.Nb5 Bxb5 28.Bxb5+ Kf7 29.f4 gxf4
30.Bxf4 Rxg4 31.Qh3 Rg6 32.Ba4 Qb7 33.Re1 Qc8 34.Bh6 Nd7 35.Bc1 Bf8 36.Rh7+ Bg7
37.Bh6 Nf8 38.Rxg7+ Rxg7 39.Bxg7 Kxg7 40.Rg1+  1-0

[Event "Hungarian National Open 2013"]
[Site "Zalakaros HUN"]
[Date "2013.05.25"]
[Round "4"]
[White "Havasi,Gergo"]
[Black "Bozinovic,Bog"]
[Result "1-0"]
[WhiteElo "2040"]
[BlackElo "2210"]

1.e4 c5 2.Nf3 d6 3.d4 cxd4 4.Nxd4 Nf6 5.Nc3 a6 6.Be3 Ng4 7.Bg5 h6 8.Bh4 g5
9.Bg3 Bg7 10.h3 Ne5 11.f3 Nbc6 12.Bf2 Nxd4 13.Bxd4 Be6 14.Qd2 Qa5 15.Be2 O-O
16.h4 Ng6 17.Bxg7 Kxg7 18.hxg5 hxg5 19.a3 Qe5 20.O-O-O Qf4 21.g3 Qxd2+ 22.Kxd2 Rh8
23.Ke3 f6 24.f4 Bd7 25.Bf3 Bc6 26.Ne2 Rxh1 27.Rxh1 e5 28.fxg5 fxg5 29.Rd1 Rd8
30.c4 Kf6 31.Nc3 Ke7 32.b4 b6 33.Bg4 Rh8 34.Rc1 Rh2 35.Bf5 Kf6 36.Bxg6 Kxg6
37.Rd1 Kh5 38.Rxd6 Be8 39.Rd8 Rg2 40.Rxe8 Rxg3+ 41.Kd2 Rg2+ 42.Kd3 Rg3+ 43.Kc2 Rg2+
44.Kb3 g4 45.c5  1-0

[Event "6th Mayors Cup 2013"]
[Site "Mumbai IND"]
[Date "2013.05.30"]
[Round "3"]
[White "Udeshi,A"]
[Black "Amonatov,F"]
[Result "1/2-1/2"]
[WhiteElo "2416"]
[BlackElo "2616"]

1.e4 c5 2.Nf3 d6 3.d4 cxd4 4.Nxd4 Nf6 5.Nc3 a6 6.Be3 e5 7.Nf3 Be7 8.Bc4 O-O
9.O-O Qc7 10.Qe2 Be6 11.Bb3 Nc6 12.Rfd1 Rfc8 13.Bg5 Na5 14.Bxf6 Bxf6 15.Ne1 Nc4
16.Bxc4 Bxc4 17.Qd2 Be7 18.Nd5 Bxd5 19.Qxd5 Qb6 20.Qb3 Qxb3 21.axb3 g6 22.c3 f5
23.exf5 gxf5 24.f4 Kf7 25.Nf3 Kf6 26.Rd5 e4 27.Nd4 Rc5 28.Ra5 Rxa5 29.Rxa5 b5
30.Nxb5 Bd8 31.Ra4 Bb6+ 32.Kf1 Ke6 33.Na3 d5 34.Nc2 h5 35.b4 Kd6 36.Ke2 Rg8
37.g3 h4 38.Rxa6 Kc7 39.Ne3 Bxe3 40.Kxe3 hxg3 41.hxg3 Rxg3+ 42.Kd4 Rd3+ 43.Kc5 Rf3
44.Ra7+ Kb8 45.Re7 Rxf4 46.b5 Rh4 47.Kxd5 Rh5 48.Kc6 Rh6+ 49.Kc5 Rf6 50.c4 f4
51.Rxe4 f3 52.Re1 f2 53.Rf1 Kb7 54.b3 Rf4 55.Kd5 Kb6 56.Ke5 Rf3 57.Ke4 Rxb3
58.Rxf2 Kc5 59.Rc2 Rh3 60.Ke5 Re3+ 61.Kf6 Re8 62.Kf7 Rh8 63.Ke7 Rh7+ 64.Kf6 Rh6+
65.Kg7 Re6 66.Kf7 Rh6 67.Rc1 Rd6 68.Ke7 Rh6 69.Rb1 Rd6 70.Rc1 Rh6 71.Kd7 Rh7+
72.Ke6 Rh6+ 73.Ke5 Rh8 74.Kf6 Rh6+ 75.Ke7 Rd6 76.Ke8 Rd4 77.Rb1 Rd6 78.Rc1 Rd4
79.Rc3 Rd2 80.Ke7 Rd6 81.Rh3 Rd4 82.Rb3 Rh4 83.b6 Rh7+  1/2-1/2

[Event "6th Mayors Cup 2013"]
[Site "Mumbai IND"]
[Date "2013.05.31"]
[Round "4"]
[White "Petrosian,DG"]
[Black "Amonatov,F"]
[Result "1/2-1/2"]
[WhiteElo "2436"]
[BlackElo "2616"]

1.e4 c5 2.Nf3 d6 3.d4 cxd4 4.Nxd4 Nf6 5.Nc3 a6 6.Be3 e5 7.Nf3 Be7 8.Bc4 O-O
9.O-O Qc7 10.Qd3 Be6 11.Bb3 Rc8 12.Nh4 g6 13.Bg5 Bxb3 14.cxb3 Nbd7 15.Nf3 b5
16.a3 Nc5 17.Qe3 Ng4 18.Qe2 Bxg5 19.Nxg5 Nf6 20.b4 Ncd7 21.Rad1 h6 22.Nf3 Nb6
23.Rd3 Kg7 24.Rfd1 Rd8 25.Nd2 d5 26.exd5 Nbxd5 27.Nxd5 Nxd5 28.g3 Nf6 29.Ne4 Rxd3
30.Qxd3 Nxe4 31.Qxe4 Re8 32.Kg2 Re6 33.h4 h5 34.Qa8 Qc6+ 35.Qxc6 Rxc6 36.Rd7 Kf6
37.b3 e4 38.a4 Rc2 39.Kf1 Rb2 40.axb5 axb5 41.Rd5 Rxb3 42.Rxb5 Rb2 43.Kg1 Ke6
44.Kf1 Kf6 45.Kg1 Ke6 46.Kf1  1/2-1/2

[Event "Icelandic Open Championship 2013"]
[Site "Reykjavik ISL"]
[Date "2013.05.31"]
[Round "1.1"]
[White "Steingrimsson,H"]
[Black "Ulfljotsson,Jon"]
[Result "1-0"]
[WhiteElo "2558"]
[BlackElo "1806"]

1.e4 c5 2.Nf3 d6 3.d4 cxd4 4.Nxd4 Nf6 5.Nc3 a6 6.Be3 e6 7.g4 Qc7 8.g5 Nfd7
9.h4 Ne5 10.h5 Nc4 11.Bxc4 Qxc4 12.Qf3 Nc6 13.O-O-O Bd7 14.Kb1 Be7 15.Nxc6 Qxc6
16.Ne2 Rf8 17.Nd4 Qc7 18.Rd3 Bc6 19.Rc3 Qd7 20.Rd1 f5 21.Nxc6 bxc6 22.exf5 Rxf5
23.Qxc6 Qxc6 24.Rxc6 Rb5 25.c4 Rb7 26.f4 a5 27.Kc2 Kd7 28.Rb6 Rc7 29.Kc3 a4
30.Bd4 g6 31.hxg6 hxg6 32.Rh1 Rac8 33.b3 axb3 34.axb3 d5 35.Be5 Ra7 36.Rh7 dxc4
37.Rd6+  1-0

[Event "Grand Europe Open Albena"]
[Site "Albena BUL"]
[Date "2013.06.01"]
[Round "1.34"]
[White "Okus,M"]
[Black "Gruenfeld,Y"]
[Result "0-1"]
[WhiteElo "2021"]
[BlackElo "2445"]

1.e4 c5 2.Nf3 d6 3.d4 cxd4 4.Nxd4 Nf6 5.Nc3 a6 6.Be3 e5 7.Nb3 Be7 8.f3 O-O
9.Qd2 Be6 10.O-O-O Nbd7 11.g4 Nb6 12.h4 Qc7 13.h5 Nfd7 14.g5 f5 15.gxf6 Nxf6
16.Kb1 Nc4 17.Bxc4 Qxc4 18.Rdg1 Rf7 19.Bg5 Rd8 20.f4 exf4 21.Qxf4 Nd5 22.Nxd5 Bxd5
23.Qh4 Qxe4 24.Bxe7 Qxe7 25.Qxe7 Rxe7 26.Rh2 Rde8 27.Rd2 Re1+ 28.Rxe1 Rxe1+
29.Nc1 Bf3 30.h6 d5 31.hxg7 Be4 32.b3 h5 33.Kb2 h4 34.Nd3 Bxd3 35.Rxd3 Re5
36.Kc3 Rh5 37.Rh3 Kxg7 38.Kd3 Kf6 39.Ke3 Kg5 40.Kf3 Rh7 41.Kg2 Kf4 42.Rf3+ Ke4
43.Rh3 d4 44.Kf2 b5 45.a3 a5 46.Kg2 b4 47.a4 Rc7 48.Rxh4+ Ke3 49.Rh3+ Kd2
50.Rh5 Kxc2 51.Rxa5 d3  0-1

[Event "6th Mayors Cup 2013"]
[Site "Mumbai IND"]
[Date "2013.06.01"]
[Round "5"]
[White "Karthikeyan,M2"]
[Black "Mchedlishvili,M"]
[Result "0-1"]
[WhiteElo "2435"]
[BlackElo "2645"]

1.e4 c5 2.Nf3 d6 3.d4 cxd4 4.Nxd4 Nf6 5.Nc3 a6 6.Be3 e5 7.Nb3 Be6 8.f3 Nbd7
9.Qd2 b5 10.O-O-O Be7 11.g4 b4 12.Nd5 Bxd5 13.exd5 Nb6 14.Bxb6 Qxb6 15.h4 a5
16.Qd3 O-O 17.Nd2 Rfc8 18.Kb1 a4 19.Ne4 Qc7 20.Rh2 a3 21.b3 Ra5 22.Qc4 Nxe4
23.Qxc7 Nc3+ 24.Qxc3 Rxc3 25.Rh3 g6 26.Bc4 Kg7 27.Rd3 Rxd3 28.cxd3 Bd8 29.Kc2 Bb6
30.Rh2 Ra8 31.h5 Bd4 32.Kd2 Rc8 33.Ke2 Rc7 34.Rh3 Kf6 35.Rh1 Kg5 36.Rh2 Kf4
37.Rh3 Re7 38.Bb5 Rb7 39.Bc6 Ra7 40.Bb5 Re7 41.Bc6 Rc7 42.Kd2 f5 43.hxg6 hxg6
44.Ke2 Rc8 45.Rh6 Kg5 46.Rh2 fxg4 47.fxg4 Rc7 48.Rh3 Kxg4 49.Rh6 g5 50.Rxd6 Rf7
51.Rd8 Rf2+ 52.Kd1 Rxa2 53.d6 Rb2 54.d7 a2 55.Ra8 Bb6  0-1

[Event "6th Mayors Cup 2013"]
[Site "Mumbai IND"]
[Date "2013.06.01"]
[Round "6"]
[White "Yagupov,I"]
[Black "Amonatov,F"]
[Result "0-1"]
[WhiteElo "2428"]
[BlackElo "2616"]

1.e4 c5 2.Nf3 d6 3.d4 cxd4 4.Nxd4 Nf6 5.Nc3 a6 6.Be3 e5 7.Nb3 Be7 8.f3 Be6
9.Qd2 O-O 10.O-O-O Nbd7 11.g4 b5 12.Rg1 b4 13.Na4 Rb8 14.g5 Nh5 15.f4 exf4
16.Bxf4 Nxf4 17.Qxf4 Ne5 18.Nac5 Qb6 19.Nxe6 fxe6 20.Qg3 Rf3 21.Qg2 Qe3+
22.Kb1 Rf2 23.Qh3 Qxh3 24.Bxh3 Rxh2 25.Bxe6+ Kh8 26.g6 hxg6 27.Rh1 Rh6 28.Nd4 Rf8
29.Bd5 Rf2 30.a3 bxa3 31.bxa3 Bf6 32.Ne6 g5 33.Nd4 g4 34.Nf5 Rhh2 35.Bb3 Nf3
36.Ka2 Be5 37.Ne3 g3 38.Ng4 Rd2 39.Rdf1 g2 40.Rxh2+ Nxh2  0-1

[Event "Icelandic Open Championship 2013"]
[Site "Reykjavik ISL"]
[Date "2013.06.01"]
[Round "2.1"]
[White "Grove,Michael"]
[Black "Steingrimsson,H"]
[Result "1-0"]
[WhiteElo "2021"]
[BlackElo "2558"]

1.e4 c5 2.Nf3 d6 3.d4 cxd4 4.Nxd4 Nf6 5.Nc3 a6 6.Be3 e5 7.Nf3 Be7 8.Bc4 O-O
9.h3 Be6 10.Bb3 b5 11.Nd5 Nbd7 12.Nxf6+ Nxf6 13.Bxe6 fxe6 14.Qd3 h6 15.O-O-O Qc7
16.Nd2 d5 17.exd5 exd5 18.Qg6 Kh8 19.Nf3 Rac8 20.Kb1 d4 21.Bc1 Rfd8 22.h4 e4
23.Ng5 Qxc2+ 24.Ka1 Rf8 25.Ne6 Rg8 26.Nxd4 Qc7 27.g4 Qe5 28.Nf5 Ba3 29.Rd2 e3
30.fxe3 Rc7 31.Nd4 Rgc8 32.Kb1  1-0

[Event "Icelandic Open Championship 2013"]
[Site "Reykjavik ISL"]
[Date "2013.06.01"]
[Round "2.7"]
[White "Bjornsson,Si"]
[Black "Johannesson,Oliver"]
[Result "1-0"]
[WhiteElo "2397"]
[BlackElo "2006"]

1.e4 c5 2.Nf3 d6 3.d4 cxd4 4.Nxd4 Nf6 5.Nc3 a6 6.Be3 e5 7.Nb3 Be7 8.f3 Be6
9.Qd2 O-O 10.O-O-O a5 11.a4 Nc6 12.Kb1 Nb4 13.g4 Rc8 14.g5 Ne8 15.h4 d5 16.exd5 Bf5
17.Rc1 Nd6 18.Nc5 Nc4 19.Bxc4 Bxc5 20.Bb3 Na6 21.Ne4 Qb6 22.Rhe1 Rfe8 23.h5 Bxe3
24.Rxe3 Nc5 25.Nxc5 Qxc5 26.Rce1 Qd6 27.Qe2 Qc7 28.d6 Qc5 29.g6 hxg6 30.hxg6  1-0

[Event "Icelandic Open Championship 2013"]
[Site "Reykjavik ISL"]
[Date "2013.06.01"]
[Round "3.19"]
[White "Petersson,Baldur Teodor"]
[Black "Baldursson,Ha"]
[Result "0-1"]
[WhiteElo "1585"]
[BlackElo "1963"]

1.e4 c5 2.Nf3 d6 3.d4 cxd4 4.Nxd4 Nf6 5.Nc3 a6 6.Be3 e6 7.f3 Qc7 8.Qd2 Be7
9.Be2 Nc6 10.g4 b5 11.a3 Ne5 12.h4 Nc4 13.Bxc4 bxc4 14.Nde2 Rb8 15.Rb1 Nd7
16.f4 Bb7 17.Rh3 Nc5 18.Ng3 Bf6 19.Bd4 e5 20.fxe5 dxe5 21.Be3 Rd8 22.Qf2 Nd7
23.g5 Be7 24.Nf5 Bf8 25.Rf3 g6 26.Ng3 Bc5 27.Ke2 Bxe3 28.Rxe3 O-O 29.h5 Nc5
30.hxg6 fxg6 31.Qh2 Ne6 32.Rg1 Nd4+ 33.Ke1 Nf3+ 34.Rxf3 Rxf3 35.Nge2 Qd7
36.Nc1 Re3+ 37.Kf1 Rf8+ 38.Kg2 Qg4+  0-1

[Event "3rd Women Masters"]
[Site "Wuxi CHN"]
[Date "2013.06.01"]
[Round "2.4"]
[White "Wang Jue"]
[Black "Ding Yixin"]
[Result "1/2-1/2"]
[WhiteElo "2401"]
[BlackElo "2427"]

1.e4 c5 2.Nf3 d6 3.d4 cxd4 4.Nxd4 Nf6 5.Nc3 a6 6.Be3 Ng4 7.Bc1 Nf6 8.h3 e6
9.g4 d5 10.exd5 Nxd5 11.Bg2 Nxc3 12.bxc3 Qc7 13.O-O Bd6 14.Qd3 Nd7 15.Rd1 O-O
16.Nf3 Bc5 17.c4 Nf6 18.Bb2 Qb6 19.Bd4 Bxd4 20.Qxd4 Qxd4 21.Rxd4 Nd7 22.Rad1 Nc5
23.Ne5 f6 24.Nd3 Na4 25.f4 Ra7 26.c5 Nc3 27.Re1 Nb5 28.Rb4 Rd8 29.Ree4 Kf7
30.a4 Na3 31.Red4 Rxd4 32.Rxd4 Ke7 33.Ne1 Bd7 34.Rb4 a5 35.Rd4 Bc6 36.Bf1 Nb1
37.Nd3 Ra8 38.Nb2 Rd8 39.Rxd8 Kxd8 40.Nc4 Nc3 41.Nxa5 Nxa4 42.Nb3 e5 43.fxe5 fxe5
44.Kf2 Ke7 45.Ke3 Ke6 46.Bd3 g6  1/2-1/2

[Event "Grand Europe Open Albena"]
[Site "Albena BUL"]
[Date "2013.06.02"]
[Round "2.17"]
[White "Ashwin,J"]
[Black "Vutov,M"]
[Result "1-0"]
[WhiteElo "2472"]
[BlackElo "2348"]

1.e4 c5 2.Nf3 d6 3.d4 Nf6 4.Nc3 cxd4 5.Nxd4 a6 6.Be3 e5 7.Nb3 Be6 8.Qd2 Nbd7
9.O-O-O Rc8 10.f4 Be7 11.f5 Bc4 12.Bxc4 Rxc4 13.Qd3 b5 14.g4 h6 15.Rhg1 Qa8
16.Nd2 Nc5 17.Bxc5 Rxc5 18.a3 Qc8 19.Rg3 Nd7 20.Nb3 Rc4 21.Nd5 Bd8 22.Kb1 O-O
23.g5 hxg5 24.h4 f6 25.hxg5 fxg5 26.Rh1 Nc5 27.Nxc5 Qxc5 28.Qe2 Rxf5 29.Rb3 Kf7
30.Rh8 Bf6 31.exf5  1-0

[Event "Grand Europe Open Albena"]
[Site "Albena BUL"]
[Date "2013.06.03"]
[Round "3.7"]
[White "Molina,Rob"]
[Black "Mareco,S"]
[Result "0-1"]
[WhiteElo "2423"]
[BlackElo "2557"]

1.e4 c5 2.Nf3 d6 3.d4 cxd4 4.Nxd4 Nf6 5.Nc3 a6 6.Be3 e5 7.Nb3 Be6 8.h3 Be7
9.Qf3 O-O 10.g4 a5 11.Bb5 Na6 12.O-O-O Nc7 13.Bb6 Nd7 14.Bxc7 Qxc7 15.a4 Nb6
16.Kb1 Rfc8 17.Qd3 Bc4 18.Bxc4 Qxc4 19.Qxc4 Rxc4 20.Nd2 Rxc3 21.bxc3 Nxa4
22.Ka1 Nxc3 23.Rde1 Rc8 24.Nb1 Na4 25.Re2 Kf8 26.Rd1 Ke8 27.Rd3 Nc5 28.Ra3 b6
29.Kb2 Kd7 30.Nc3 Kc6 31.Nd5 Bd8 32.f3 b5 33.c3 Kb7 34.Kc2 Ne6 35.Kd3 Nc5+
36.Ke3 Bg5+ 37.Kf2 a4 38.Rc2 Nb3 39.Kg3 Bd8 40.Rb2 Rc5 41.h4 Ba5 42.c4 Be1+
43.Kg2 Rxc4 44.h5 Bd2 45.Kf2 Bc1 46.Raxb3 axb3 47.Rxb3 Kc6 48.Ke2 Kc5 49.Kd3 Bg5
50.Rb2 b4 51.Rb1 Rd4+ 52.Kc2 Rd2+ 53.Kb3 Rd3+ 54.Kc2 Rd2+ 55.Kb3 Rf2 56.Ka4 Bd2
57.Rb2 Rxf3 58.Rc2+ Bc3 59.Nxb4 Kd4 60.Nd5 Be1 61.Re2 Bf2 62.Kb5 Kd3 63.Ra2 Kxe4
64.Kc6 Bc5 65.g5 Rg3  0-1